000 00741nam a2200193Ia 4500
001 4407
003 GE_BSU
008 181216s||||||||xx |||||||||||||| ||und||
040 _cGE_BSU
080 _a69.621+502
100 _aБородавкин П.П. Ким Б.И.
245 _aОхрана окружающей среды при строительстве и эксплуатации магистральных трубопроводов.
260 _aМ.
260 _bНедра.
260 _c1981.
300 _a160стр.с илл.20см.
653 _aОхрана окружающей среды при строительстве и эксплуатации магистральных трубопроводов.
942 _cBK
999 _c38397
_d38397